| 000 | 01312nam a2200265Ia 4500 | ||
|---|---|---|---|
| 999 |
_c43025 _d43025 |
||
| 001 | 9745 | ||
| 003 | GE_BSU | ||
| 005 | 20250128102541.0 | ||
| 008 | 181216s2012||||ge |||||||||||||| ||geo|| | ||
| 020 | _a9789941181719 | ||
| 040 | _cGE_BSU | ||
| 041 | _ageo | ||
| 080 | _a811.353.32.366 ლ-81 | ||
| 100 |
_aლომაია, მაია _924138 |
||
| 245 |
_aმეგრული ტექსტები = MEGRELIAN TEXTS : _b ნაწ. 2 / _cმაია ლომაია, რუსუდან გერსამია; რედ. მ. პერტენავა, ს. შამუგია, ა. შანავა, ი. ხარამიშვილი. |
||
| 264 |
_aთბილისი. _bილიას უნ-ტი. _c2012. |
||
| 300 |
_a200 გვ.; _b20 სმ. |
||
| 653 | _aმეგრული ტექსტები=MEGRELIAN TEXRTS | ||
| 700 |
_aგერსამია, რუსუდან _eავტორი _94757 |
||
| 700 |
_aპერტენავა, მ. _eრედაქტორი _924139 |
||
| 700 |
_aშამუგია, ს. _eრედაქტორი _924140 |
||
| 700 |
_aშანავა, ა. _eრედაქტორი _924141 |
||
| 700 |
_aხარამიშვილი, ი. _eრედაქტორი _924142 |
||
| 942 |
_cBK _2udc |
||